SQL*Plus for Windows NT và Windows 95/98
Guardat en:
| Autor principal: | |
|---|---|
| Format: | Llibre |
| Idioma: | Undetermined |
| Publicat: |
Tp. HCM
Trẻ
2000
|
| Matèries: | |
| Etiquetes: |
Afegir etiqueta
Sense etiquetes, Sigues el primer a etiquetar aquest registre!
|
| Thư viện lưu trữ: | Trung tâm Học liệu Trường Đại học Cần Thơ |
|---|
| LEADER | 00564nam a2200169Ia 4500 | ||
|---|---|---|---|
| 001 | CTU_39633 | ||
| 008 | 210402s9999 xx 000 0 und d | ||
| 082 | |a 005.758 | ||
| 082 | |b Tr300 | ||
| 100 | |a Lê Minh Trí | ||
| 245 | 0 | |a SQL*Plus for Windows NT và Windows 95/98 | |
| 245 | 0 | |c Lê Minh Trí | |
| 260 | |a Tp. HCM | ||
| 260 | |b Trẻ | ||
| 260 | |c 2000 | ||
| 650 | |a client server computing,computer programming ( electronic computers ),database administration,sql ( computer program language ) | ||
| 980 | |a Trung tâm Học liệu Trường Đại học Cần Thơ | ||